00612nam a2200169Ia 4500008004100000041001200041082001600053100002300069245008000092260003700172300000800209650001500217700001800232942000700250999001500257952017000272221030s9999 xx 000 0 und d aEnglish a105.23bBha aS. K. H. Choudhary 0aElements of Workshop Technology Vol !cby S. K. H. Choudhary, V. M. Panchal bMedia PromotersaNew Delhic1999 a472 aMechanical aV. M. Panchal cBK c8589d8589 pBE 816g195.00l0o105.23 Bhar2024-06-13 00:00:00w2022-10-30yBK003Print4070aMIETLIBbMIETLIBcBL-Academic Block C, FL-2, CUP-52, SH-1, R-1d2000-01-2910HBE